Complex variables and the Laplace transform for engineers (Record no. 13856)

000 -LEADER
fixed length control field 00606nam a22002051 4500
001 - CONTROL NUMBER
control field 13856
003 - CONTROL NUMBER IDENTIFIER
control field BD-DhUET
008 - FIXED-LENGTH DATA ELEMENTS--GENERAL INFORMATION
fixed length control field 840622s1961 nyua b 000 0 eng
040 ## - CATALOGING SOURCE
Original cataloging agency DLC
Transcribing agency DLC
Modifying agency BD-DhUET
082 00 - DEWEY DECIMAL CLASSIFICATION NUMBER
Classification number 517.862
Item number LEP/1961
100 ## - MAIN ENTRY--PERSONAL NAME
Personal name LePage, Wilbur R.
245 10 - TITLE STATEMENT
Title Complex variables and the Laplace transform for engineers
250 ## - EDITION STATEMENT
Edition statement 1st ed.
260 ## - PUBLICATION, DISTRIBUTION, ETC. (IMPRINT)
Place of publication, distribution, etc. Bombay
Name of publisher, distributor, etc. McGraw-Hill
Date of publication, distribution, etc. 1961
300 ## - PHYSICAL DESCRIPTION
Extent xvi, 475 p.
Other physical details ill.
Dimensions 24 cm.
490 ## - SERIES STATEMENT
Series statement International series in pure and applied mathematics
504 ## - BIBLIOGRAPHY, ETC. NOTE
Bibliography, etc Includes bibliographies
650 #0 - SUBJECT ADDED ENTRY--TOPICAL TERM
Topical term or geographic name as entry element Calculus - Complex variables
942 ## - ADDED ENTRY ELEMENTS (KOHA)
Koha item type General Book
Holdings
Sublocation or collection (holding branch) Lost status Shelving location Koha full call number Copy number Location (home branch) Date acquired Piece designation (barcode) Koha item type Damaged status Source of classification or shelving scheme Price effective from Koha normalized classification for sorting Koha date last seen Not for loan Withdrawn status
Central Library, BUET Circulation section517.862/LEP/19611Central Library, BUET2015-03-0540116General Book  2015-03-05517_862000000000000_LEP_19612015-03-05  
Central Library, BUET Circulation section517.862/LEP/19612Central Library, BUET2015-03-0524385General Book  2015-03-05517_862000000000000_LEP_19612015-03-05  
Central Library, BUET Circulation section517.862/LEP/19613Central Library, BUET2015-03-076374General Book  2015-03-07517_862000000000000_LEP_19612015-03-07  
Central Library, BUET Circulation section517.862/LEP/19614Central Library, BUET2015-03-0751027General Book  2015-03-07517_862000000000000_LEP_19612015-03-07  
Central Library, BUET Circulation section517.862/LEP/19615Central Library, BUET2015-03-0720963General Book  2015-03-07517_862000000000000_LEP_19612015-03-07  
Central Library, BUET Circulation section517.862/LEP/19616Central Library, BUET2015-03-0742659General Book  2015-03-07517_862000000000000_LEP_19612015-03-07  
Central Library, BUET Circulation section517.862/LEP/19617Central Library, BUET2015-03-0740115General Book  2015-03-07517_862000000000000_LEP_19612015-03-07  
Central Library, BUET Circulation section517.862/LEP/19618Central Library, BUET2015-03-0739671General Book  2015-03-07517_862000000000000_LEP_19612015-03-07  
Central Library, BUET Circulation section517.862/LEP/19619Central Library, BUET2015-03-0739670General Book  2015-03-07517_862000000000000_LEP_19612015-03-07  
Central Library, BUET Circulation section517.862/LEP/196110Central Library, BUET2015-03-0742660General Book  2015-03-07517_862000000000000_LEP_19612015-03-07  
Central Library, BUET Circulation section517.862/LEP/196111Central Library, BUET2015-03-0942661General Book  2015-03-09517_862000000000000_LEP_19612015-03-09  
Central Library, BUET Circulation section517.862/LEP/196112Central Library, BUET2015-03-0951026General Book  2015-03-09517_862000000000000_LEP_19612015-03-09  
Central Library, BUET Circulation section517.862/LEP/196113Central Library, BUET2015-05-032039General Book  2015-05-03517_862000000000000_LEP_19612015-05-03  
Central Library, BUET Circulation section517.862/LEP/196114Central Library, BUET2015-05-036375General Book  2015-05-03517_862000000000000_LEP_19612015-05-03  
Central Library, BUET Circulation section517.862/LEP/196115Central Library, BUET2015-05-032041General Book  2015-05-03517_862000000000000_LEP_19612015-05-03  
Central Library, BUET Circulation section517.862/LEP/196116Central Library, BUET2015-05-032040General Book  2015-05-03517_862000000000000_LEP_19612015-05-03